MARC

LEADER 00000nam0a2200000 4500
001 325265
005 20231102003740.0
035 |a (RuTPU)RU\TPU\book\350878 
090 |a 325265 
100 |a 20161201d1938 km y0rusy50 ca 
101 0 |a rus 
102 |a RU 
105 |a a z 000zy 
200 1 |a Инструкция по измерению искривления разведочных скважин (малого диаметра)  |f Н. О. Якоби  |g Центральный научно-исследовательский геологоразведочный институт (ЦНИГРИ) ; под ред. И. А. Уткина 
210 |a Ленинград  |a Москва  |c ГОНТИ НКТП  |d 1938 
215 |a 36 с.  |c ил. 
606 1 |a Буровые скважины малых диаметров  |2 stltpush  |3 (RuTPU)RU\TPU\subj\30643  |9 53722 
610 1 |a разведочные скважины 
610 1 |a искривление скважин 
610 1 |a измерение 
610 1 |a инструкции 
610 1 |a бурильные колонны 
610 1 |a спуск 
610 1 |a измерительные патроны 
610 1 |a зарядка 
610 1 |a плавиковая кислота 
675 |a 622.241.5  |v 4 
700 1 |a Якоби  |b Н. О. 
702 1 |a Уткин  |b И. А.  |4 340 
712 0 2 |a Центральный научно-исследовательский геологоразведочный институт (ЦНИГРИ)  |c (1931-1939)  |2 stltpush  |3 (RuTPU)RU\TPU\col\18472 
801 1 |a RU  |b 63413507  |c 20161201 
801 2 |a RU  |b 63413507  |c 20200129  |g RCR 
942 |c BK